Bharatiya Sanvidhan Va Bharatiya Rajkaran ( Maharashtrachya Vishesh Sandharbhasaha ) Part-1 (Record no. 2514)

MARC details
000 -LEADER
fixed length control field 00335nam a22001217a 4500
041 ## - LANGUAGE CODE
Language code of text/sound track or separate title ENG
100 ## - MAIN ENTRY--PERSONAL NAME
Personal name Jadhav.T
245 ## - TITLE STATEMENT
Title Bharatiya Sanvidhan Va Bharatiya Rajkaran ( Maharashtrachya Vishesh Sandharbhasaha ) Part-1
260 ## - PUBLICATION, DISTRIBUTION, ETC. (IMPRINT)
Place of publication, distribution, etc Pune
Name of publisher, distributor, etc Unique Academy
Date of publication, distribution, etc 2012
300 ## - PHYSICAL DESCRIPTION
Extent 360
650 ## - SUBJECT ADDED ENTRY--TOPICAL TERM
Topical term or geographic name as entry element Competitive Exam
856 ## - ELECTRONIC LOCATION AND ACCESS
Uniform Resource Identifier Competitive Exam
Holdings
Withdrawn status Lost status Source of classification or shelving scheme Damaged status Not for loan Home library Current library Shelving location Date acquired Cost, normal purchase price Total Checkouts Barcode Date last seen Date checked out Price effective from Koha item type
    Dewey Decimal Classification     College of Agricultural Engineering and Technology, Dapoli , Library College of Agricultural Engineering and Technology, Dapoli , Library Book Cart 25/10/2021 300.00 3 006207 22/12/2025 12/12/2025 25/10/2021 Books

Contact Us: College of Agricultural Engineering and Technology, Dapoli, Dist.- Ratnagiri
Website: https://dbskkv.org Email: caetlibrary2015@gmail.com